Bar Council (Record no. 120050)
[ view plain ]
| 000 -LEADER | |
|---|---|
| fixed length control field | 00745cam a2200181 4500 |
| 001 - CONTROL NUMBER | |
| control field | WS118035 |
| 008 - FIXED-LENGTH DATA ELEMENTS--GENERAL INFORMATION | |
| fixed length control field | 020517n 000 0 eng u |
| 035 ## - SYSTEM CONTROL NUMBER | |
| System control number | (Sirsi) u118035 |
| 110 ## - MAIN ENTRY--CORPORATE NAME | |
| Corporate name or jurisdiction name as entry element | General Council of the Bar |
| 9 (RLIN) | 691 |
| 245 ## - TITLE STATEMENT | |
| Title | Bar Council |
| 520 ## - SUMMARY, ETC. | |
| Summary, etc. | Web site for the regulatory and representative body for barristers in England and Wales. Includes pages describing the work done by barristers, details of their code of conduct and advice on how to instruct a barrister and how to bring complaints against them. |
| 650 ## - SUBJECT ADDED ENTRY--TOPICAL TERM | |
| Topical term or geographic name entry element | ORGANISATION |
| 650 ## - SUBJECT ADDED ENTRY--TOPICAL TERM | |
| Topical term or geographic name entry element | BARRISTERS |
| 650 ## - SUBJECT ADDED ENTRY--TOPICAL TERM | |
| Topical term or geographic name entry element | CODE OF CONDUCT |
| 690 ## - LOCAL SUBJECT ADDED ENTRY--TOPICAL TERM (OCLC, RLIN) | |
| Topical term or geographic name as entry element | LAW |
| 856 40 - ELECTRONIC LOCATION AND ACCESS | |
| Uniform Resource Identifier | <a href="https://www.barcouncil.org.uk">https://www.barcouncil.org.uk</a> |
| Public note | View the website free of charge at www.barcouncil.org.uk... |
| 942 ## - ADDED ENTRY ELEMENTS (KOHA) | |
| Suppress in OPAC | 0 |
| Withdrawn status | Lost status | Source of classification or shelving scheme | Damaged status | Not for loan | Home library | Current library | Shelving location | Date acquired | Total Checkouts | Full call number | Barcode | Date last seen | Copy number | Price effective from | Koha item type |
|---|---|---|---|---|---|---|---|---|---|---|---|---|---|---|---|
| Dewey Decimal Classification | Virtual | Virtual | Online | 17/05/2002 | WEB SITE | 118035-2001 | 06/08/2019 | 1 | 06/08/2019 | Online material |